Statistics for Quess the major event

Click here to take the quiz!

General Stats

  • This quiz has been taken 22 times
  • The average score is 4 of 14

Answer Stats

HintAnswer% Correct
20019/11
78%
1918End of world war 1 / world war 1
61%
1492America was found / Columbus / America
56%
1969Apollo 11 / moon landing
39%
1944D-day / rising of normandy
39%
1939Wordl war 2 / start of WW2 / Invasion of Poland
33%
1930Start of great depression / great depression
22%
1912Titanic sinking / Titanic
17%
476Fall of Rome
11%
1931Japan starts invading China / Japan
6%
1606Australia was found / Australia
0%
1368Fall of Mongolia / Mongolia
0%
1997Hong Kong given to China / Hong Kong
0%
1888Release of first film / movie
0%

Score Distribution

Percentile by Number Answered

Percent of People with Each Score

Your Score History

You have not taken this quiz